Ekonomika a obchodná politika rozvojových krajín
Salvato in:
| Autore principale: | |
|---|---|
| Ente Autore: | |
| Altri autori: | , |
| Natura: | Libro |
| Lingua: | slovacco |
| Pubblicazione: |
Bratislava
Vydavateľstvo EKONÓM
2007
|
| Soggetti: | |
| Tags: |
Nessun Tag, puoi essere il primo ad aggiungerne!!
|
MARC
| LEADER | 00000nam$a2200000$$$4500 | ||
|---|---|---|---|
| 001 | 0069171 | ||
| 005 | 20240502071833.5 | ||
| 020 | |a 978-80-225-2439-1 | ||
| 041 | 0 | |a slo | |
| 044 | |a SK | ||
| 245 | 1 | 0 | |a Ekonomika a obchodná politika rozvojových krajín |c Viera Gavaľová |
| 264 | 1 | |a Bratislava |b Vydavateľstvo EKONÓM |c 2007 | |
| 300 | |a 210 s. | ||
| 610 | 2 | 0 | |a krajiny rozvojové |
| 610 | 2 | 0 | |a hospodárstvo národné |
| 610 | 2 | 0 | |a rozvoj hospodársky |
| 610 | 2 | 0 | |a integrácia ekonomická medzinárodná |
| 610 | 2 | 0 | |a Afrika |
| 610 | 2 | 0 | |a Ázia |
| 610 | 2 | 0 | |a Latinská Amerika |
| 610 | 2 | 0 | |a Európska únia |
| 610 | 2 | 0 | |a organizácie medzinárodné |
| 100 | 1 | |a Gavaľová, Viera | |
| 700 | 1 | |a Zorkóciová, Otília, 1954- | |
| 700 | 1 | |a Trenčianska, Elena | |
| 710 | 2 | |a Ekonomická univerzita v Bratislave. Obchodná fakulta | |